000 00598nam a2200229 i 4500
001 C2-0216754
003 PPAK
005 20180728105352.0
008 990527s1967 my |||| ||||| | may d
040 _aPPAK
_beng
_cPPAK
_erda
082 0 4 _a899.233
_2 23
090 0 0 _a899.233
_bABA
_dKSA
100 1 _aAbadi, Jihaty,
_eauthor
245 1 0 _aTerkulai
264 1 _aMelaka :
_bPenerbitan Abbas Bandong ,
_c1967
300 _a118 pages ;
_c18 cm
336 _2rdacontent
_atext
337 _2rdamedia
_aunmediated
338 _2rdacarrier
_avolume
650 1 0 _aMalay fiction
942 _ddc
_cB
999 _c160255
_d160255